| 000 | 00902nac a22002171u 4500 | ||
|---|---|---|---|
| 010 | _a 79019999 | ||
| 020 | _a0070617961 | ||
| 082 | 0 | 0 |
_a621.38173 _bS8892 |
| 090 |
_c3992 _d3992 |
||
| 100 | _aStout, David F. | ||
| 245 | 1 | 0 |
_aHandbook of microcircuit design and application / _cDavid F. Stout ; edited by Milton Kaufman. |
| 260 |
_aNew York : _bMcGraw-Hill,1980 _c1980. |
||
| 300 |
_aca. 500 p. in various pagings : _bill. ; _c24 cm. |
||
| 504 | _aIncludes bibliographical references and index. | ||
| 650 | 0 |
_aIntegrated circuits _xHandbooks, manuals, etc. |
|
| 650 | 0 |
_aMicroelectronics _xHandbooks, manuals, etc. |
|
| 650 | 0 |
_aElectronic circuit design _xHandbooks, manuals, etc. |
|
| 700 | 1 | _aKaufman, Milton. | |
| 942 |
_cBB _k621.38173S8892 |
||
| 999 |
_c3992 _d3992 |
||